Los intereses creados

Guardat en:
Dades bibliogràfiques
Autor principal: Benavente, Jacinto
Format: Llibre
Idioma:Undetermined
Publicat: Buenos Aires, Argentina Espasa-Calpe 1967
Matèries:
Etiquetes: Afegir etiqueta
Sense etiquetes, Sigues el primer a etiquetar aquest registre!

MARC

LEADER 00000nam a2200000Ia 4500
008 170316s9999 xx 000 0 und d
040 |a cru BVZT 
090 |a 862 B-9i 
100 |a Benavente, Jacinto 
245 |a Los intereses creados 
260 |a Buenos Aires, Argentina 
260 |b Espasa-Calpe 
260 |c 1967 
300 |a 146 páginas 
650 |a LITERATURA ESPAÑOLA 
650 |a TEATRO 
999 |c 9599  |d 9599 
942 |c 15 D  |h 862 B-9i  |2 z